Central Library OPAC University of Rajshahi

Business anthropology / (Record no. 57665)

MARC details
000 -LEADER
fixed length control field 00772cam a2200253 a 4500
001 - CONTROL NUMBER
control field 57665
003 - CONTROL NUMBER IDENTIFIER
rucl marc code BD-RjUL
005 - DATE AND TIME OF LATEST TRANSACTION
control field 20211209080535.0
008 - FIXED-LENGTH DATA ELEMENTS--GENERAL INFORMATION
fixed length control field 111216s2013 ilua b 001 0 eng d
020 ## - INTERNATIONAL STANDARD BOOK NUMBER
International Standard Book Number 1577668278
035 ## - SYSTEM CONTROL NUMBER
System control number (BD-RjUL) 57789
040 ## - CATALOGING SOURCE
Original cataloging agency YDXCP
Language of cataloging eng
Transcribing agency YDXCP
Modifying agency BTCTA
-- OCLCQ
-- BD-RjUL
041 ## - LANGUAGE CODE
Language code of text/sound track or separate title eng
082 04 - DEWEY DECIMAL CLASSIFICATION NUMBER
Classification number 302.35
Edition number 23
Author mark and year JOB 2013
100 1# - MAIN ENTRY--PERSONAL NAME
Personal name Jordan, Ann.T.
9 (RLIN) 171247
245 10 - TITLE STATEMENT
Title Business anthropology /
Statement of responsibility, etc. Ann T. Jordan.
250 ## - EDITION STATEMENT
Edition statement 2nd ed.
260 ## - PUBLICATION, DISTRIBUTION, ETC. (IMPRINT)
Place of publication, distribution, etc. Long Grove, Ill. :
Name of publisher, distributor, etc. Waveland Press,
Date of publication, distribution, etc. ©2013.
300 ## - PHYSICAL DESCRIPTION
Pagination 150 p. :
Illustrations ill. ;
Size 23 cm
504 ## - BIBLIOGRAPHY, ETC. NOTE
Bibliography, etc Includes bibliographical references (pages 134-143) and index.
650 #0 - SUBJECT ADDED ENTRY--TOPICAL TERM
Topical term or geographic name as entry element Business anthropology.
9 (RLIN) 171248
Topical term or geographic name as entry element Business anthropology.
Source of heading or term fast
9 (RLIN) 171248
942 ## - ADDED ENTRY ELEMENTS (KOHA)
Source of classification or shelving scheme Dewey Decimal Classification
Koha item type Books
Holdings
Lost status Source of classification or shelving scheme Damaged status Not for loan Collection code Permanent Location Current Location Shelving location Date acquired Source of acquisition Cost, normal purchase price Total Checkouts Full call number Date last seen Copy number Koha item type
  Dewey Decimal Classification   Not For Loan Non-fiction Central Library, University of Rajshahi Central Library, University of Rajshahi Reading Room 20/07/2002 Space Marcating Comm.dhaka 2100.00   302.35 JOB 2013 11/12/2016 C-1 Books